Bezpečná kultúra ako súčasný trend v oblasti budovania corporate culture s aplikáciou na konkrétne priemyselné odvetvie bakalárska práca

Na minha lista:
Detalhes bibliográficos
Autor principal: Fedáková, Dominika
Autor Corporativo: Obchodná fakulta EU. Katedra medzinárodného obchodu
Outros Autores: Belejová, Martina
Formato: Livro
Idioma:eslovaco
Publicado em: Bratislava 2011
Tags: Adicionar Tag
Sem tags, seja o primeiro a adicionar uma tag!

MARC

LEADER 00000nam a2200000 4500
001 0150789
005 20240320071955.3
041 0 |a slo 
044 |a SK 
245 1 0 |a Bezpečná kultúra ako súčasný trend v oblasti budovania corporate culture s aplikáciou na konkrétne priemyselné odvetvie  |b bakalárska práca  |c Dominika Fedáková ; školiteľ: Martina Belejová 
264 1 |a Bratislava  |c 2011 
300 |a 43 s. 
100 1 |a Fedáková, Dominika 
700 1 |a Belejová, Martina 
710 2 |a Obchodná fakulta EU. Katedra medzinárodného obchodu